[Event "Rutas de Cuenca op 6th"]
[Site "Cuenca"]
[Date "2019.07.21"]
[Round "6"]
[White "Llano Gomez, Jose Pablo"]
[Black "Galindo Montoya, Diego"]
[Result "1/2-1/2"]
[WhiteElo "2018"]
[BlackElo "1905"]
[PlyCount "73"]
[EventDate "2019.07.19"]
[EventType "swiss"]
[EventRounds "7"]
[EventCountry "ESP"]
[SourceTitle "CBM 195 Extra"]
[Source "ChessBase"]
[SourceDate "2020.05.31"]
[SourceVersion "1"]
[SourceVersionDate "2020.05.31"]
[SourceQuality "1"]

1. e4 e5 2. Nf3 Nc6 3. Bb5 f5 4. d3 fxe4 5. dxe4 Nf6 6. 0-0 Bc5 7. Bg5 d6 8. Nc3 0-0 9. Nd5 Kh8 10. h3 Be6 11. Nxf6 gxf6 12. Bh4 Rg8 13. Kh1 Qe7 14. Rg1 Raf8 15. c3 Qg7 16. Qd2 Ne7 17. b4 Bb6 18. Ba4 Qf7 19. Bd1 d5 20. exd5 Bxd5 21. Nxe5 fxe5 22. Bxe7 Qxf2 23. Qxf2 Rxf2 24. Bf3 Rxf3 25. gxf3 Rxg1+ 26. Rxg1 Bxg1 27. Kxg1 Kg7 28. Bd8 c6 29. a4 Bxf3 30. Kf2 Bd1 31. a5 Kf7 32. Ke3 Ke6 33. h4 Kd5 34. Bf6 Bc2 35. Bg7 b6 36. axb6 axb6 37. Bf6 1/2-1/2

[Event "Rutas de Cuenca op 6th"]
[Site "Cuenca"]
[Date "2019.07.21"]
[Round "7"]
[White "Lozano Suarez, Luis Miguel"]
[Black "Llano Gomez, Jose Pablo"]
[Result "1/2-1/2"]
[WhiteElo "2134"]
[BlackElo "2018"]
[PlyCount "110"]
[EventDate "2019.07.19"]
[EventType "swiss"]
[EventRounds "7"]
[EventCountry "ESP"]
[SourceTitle "CBM 195 Extra"]
[Source "ChessBase"]
[SourceDate "2020.05.31"]
[SourceVersion "1"]
[SourceVersionDate "2020.05.31"]
[SourceQuality "1"]

1. c4 Nf6 2. g3 e5 3. Bg2 Be7 4. Nc3 c6 5. d4 d6 6. Nf3 e4 7. Ng5 d5 8. cxd5 cxd5 9. Nh3 Bxh3 10. Bxh3 0-0 11. 0-0 Nc6 12. Bg5 Qb6 13. Bxf6 Bxf6 14. Nxd5 Qxd4 15. Qxd4 Bxd4 16. Bf5 Rad8 17. Bxe4 Rfe8 18. Bf3 Bxb2 19. Rab1 Be5 20. Rxb7 Nd4 21. Ne7+ Kf8 22. Nc6 Nxc6 23. Bxc6 Re7 24. Rfb1 Rxb7 25. Rxb7 Rc8 26. Bd5 Rc7 27. Rb5 Bc3 28. Kg2 a6 29. Rb6 a5 30. Ra6 Ke7 31. h4 Bb4 32. Bb3 Rd7 33. Kf3 Rc7 34. h5 h6 35. Ke4 Be1 36. Kf3 Rc3+ 37. e3 Rc7 38. g4 Rd7 39. Ke2 Bc3 40. f4 f6 41. Kf3 Rd6 42. Ra7+ Rd7 43. Ra6 Rd6 44. Ra8 Rd8 45. Rxd8 Kxd8 46. g5 fxg5 47. fxg5 hxg5 48. Kg4 Bd2 49. e4 Ke7 50. Kf5 Be3 51. e5 Bf4 52. e6 Bd2 53. Kg6 Bc3 54. Kxg5 Bd2+ 55. Kg6 Bc3 1/2-1/2

[Event "Rutas de Cuenca op 6th"]
[Site "Cuenca"]
[Date "2019.07.19"]
[Round "2"]
[White "Llano Gomez, Jose Pablo"]
[Black "Bravo De la Vega, Alvaro"]
[Result "1-0"]
[WhiteElo "2018"]
[BlackElo "1583"]
[PlyCount "97"]
[EventDate "2019.07.19"]
[EventType "swiss"]
[EventRounds "7"]
[EventCountry "ESP"]
[SourceTitle "CBM 195 Extra"]
[Source "ChessBase"]
[SourceDate "2020.05.31"]
[SourceVersion "1"]
[SourceVersionDate "2020.05.31"]
[SourceQuality "1"]

1. e4 e5 2. Nf3 Nf6 3. Nc3 Bb4 4. Nxe5 0-0 5. Be2 d6 6. Nd3 Bxc3 7. dxc3 Nxe4 8. 0-0 Nc6 9. Bf3 Bf5 10. Be3 Re8 11. c4 Qd7 12. a4 a5 13. Re1 Qe6 14. b3 Qd7 15. g3 Nc3 16. Qd2 Ne4 17. Qc1 Ne5 18. Nxe5 dxe5 19. Qb2 Rad8 20. Rad1 Qe6 21. h4 Nd6 22. Bg5 Rd7 23. Bd5 Qg6 24. Rxe5 h6 25. Bf4 Rxe5 26. Bxe5 c6 27. Bf3 Ne4 28. Rxd7 Bxd7 29. Qd4 Bf5 30. h5 Qg5 31. Bxe4 Bg4 32. Bf4 Qe7 33. Qe5 Qd7 34. Qb8+ Qc8 35. Qxc8+ Bxc8 36. Bc7 f5 37. Bd3 Kf7 38. Bxa5 Kf6 39. Bc3+ Kf7 40. b4 b6 41. c5 bxc5 42. bxc5 g6 43. hxg6+ Kxg6 44. a5 Bb7 45. a6 Ba8 46. g4 Kf7 47. Bxf5 Kg8 48. Bc8 Kf7 49. Bb7 1-0